00421nam a2200157 a 45000010005000000030005000050050017000100080041000270400020000681000020000882450042001082600050001503000011002004900022002116500030002332275CDMR20131121100138.0130130s1965||||||||||||||||||||||||||||d aCDMRbcatcCDMR1 aDenoyer, Pierre13aLa presse modernecpar Pierre Denoyer aParisc1965bPresses Universitaires de France a126 p.0 aQue sais-je?v41404aEmpreses periodístiques